The Sage handbook of qualitative research / (Record no. 2724)

000 -LEADER
fixed length control field 02190cam a22003974a 4500
001 - CONTROL NUMBER
control field 16582766
003 - CONTROL NUMBER IDENTIFIER
control field OSt
005 - DATE AND TIME OF LATEST TRANSACTION
control field 20180117085948.0
008 - FIXED-LENGTH DATA ELEMENTS--GENERAL INFORMATION
fixed length control field 101217s2011 cau b 001 0 eng
010 ## - LIBRARY OF CONGRESS CONTROL NUMBER
LC control number 2010052892
020 ## - INTERNATIONAL STANDARD BOOK NUMBER
International Standard Book Number 9781412974172 (cloth)
040 ## - CATALOGING SOURCE
Original cataloging agency DLC
Transcribing agency DLC
Modifying agency DLC
050 00 - LIBRARY OF CONGRESS CALL NUMBER
Classification number H62
Item number .H2455 2011
082 00 - DEWEY DECIMAL CLASSIFICATION NUMBER
Classification number 001.4/2
Edition number 22
245 04 - TITLE STATEMENT
Title The Sage handbook of qualitative research /
Statement of responsibility, etc. edited by Norman K. Denzin, Yvonna S. Lincoln.
246 30 - VARYING FORM OF TITLE
Title proper/short title Handbook of qualitative research
250 ## - EDITION STATEMENT
Edition statement 4th ed.
260 ## - PUBLICATION, DISTRIBUTION, ETC.
Place of publication, distribution, etc. Thousand Oaks :
Name of publisher, distributor, etc. Sage,
Date of publication, distribution, etc. c2011.
300 ## - PHYSICAL DESCRIPTION
Extent xvi, 766 p. ;
Dimensions 29 cm.
504 ## - BIBLIOGRAPHY, ETC. NOTE
Bibliography, etc. note Includes bibliographical references and indexes.
650 #0 - SUBJECT ADDED ENTRY--TOPICAL TERM
Topical term or geographic name entry element Social sciences
General subdivision Research.
650 #0 - SUBJECT ADDED ENTRY--TOPICAL TERM
Topical term or geographic name entry element Qualitative research.
700 1# - ADDED ENTRY--PERSONAL NAME
Personal name Denzin, Norman K.
700 1# - ADDED ENTRY--PERSONAL NAME
Personal name Lincoln, Yvonna S.
856 41 - ELECTRONIC LOCATION AND ACCESS
Materials specified Table of contents only
Uniform Resource Identifier <a href="http://www.loc.gov/catdir/toc/fy12pdf01/2010052892.html">http://www.loc.gov/catdir/toc/fy12pdf01/2010052892.html</a>
906 ## - LOCAL DATA ELEMENT F, LDF (RLIN)
a 7
b cbc
c orignew
d 1
e ecip
f 20
g y-gencatlg
942 ## - ADDED ENTRY ELEMENTS (KOHA)
Source of classification or shelving scheme
Koha item type Book
Holdings
Withdrawn status Lost status Source of classification or shelving scheme Damaged status Not for loan Collection code Permanent Location Current Location Shelving location Date acquired Full call number Barcode Date last seen Price effective from Koha item type Total Checkouts Checked out Date last checked out
          Computer Science Central Library (CL) Central Library (CL) First Floor - Computer Science 03/16/2016 001.4/2 SAG S3H-P-40 03/16/2016 03/16/2016 Reference      
          Computer Science Central Library (CL) Central Library (CL) First Floor - Computer Science 03/16/2016 001.4/2 SAG S3H-P-37 03/16/2016 03/16/2016 Reference      
          Computer Science Central Library (CL) Central Library (CL) First Floor - Computer Science 03/16/2016 001.4/2 SAG S3H-P-38 03/16/2016 03/16/2016 Reference      
          Computer Science Central Library (CL) Central Library (CL) First Floor - Computer Science 03/16/2016 001.4/2 SAG S3H-P-39 11/30/2023 03/16/2016 Book 1 12/30/2023 11/30/2023
          Computer Science Central Library (CL) Central Library (CL) First Floor - Computer Science 03/16/2016 001.4/2 SAG S3H-S-40 10/16/2018 03/16/2016 Book 1 02/13/2019 10/16/2018
          Computer Science Central Library (CL) Central Library (CL) First Floor - Computer Science 11/19/2016 001.42 SAG S3H-P-36 01/30/2025 11/19/2016 Book 2   09/09/2024
          Computer Science Central Library (CL) Central Library (CL) First Floor - Computer Science 08/29/2017 001.4/2 SAG S3H-C-22 04/04/2024 08/29/2017 Book 3 08/02/2024 04/04/2024
© 2023 Central Library, National University of Sciences and Technology. All Rights Reserved.